Регионална библиотека "Любен Каравелов" - Русе

Интерактивни дейности по човекът и обществото за ІV клас (Запис номер 169968)

MARC детайли
000 -Лидер
Контролно поле с фиксирана дължина 01785nam a2200385 c 4500
003 - Код на организацията, давaща контролен номер
Контролно поле BLK
005 - Дата и час на последна редакция
Контролно поле 20211020124656.0
008 - Елементи от данни с фиксирана дължина
fixed length control field 180411b bul|||||r ||||||| ||bul||
010 ## - Наследен системен номер
LC control number KNG00178042000
020 ## - Международен стандартен номер на книга ISBN
Международен стандартен номер на книга ISBN 978-954-01-2632-6
-- издат.: Просвета
040 ## - Източник на каталожния запис
Идентификатор на билиотеката - собственик на записа BLK
041 ## - Код за език
Код за езика на текст/звукозапис или на отделно заглавие Български
Код за езика КДБФ Български
072 #7 - Код за тематичната категория
Код организация bullib
Код за тематична категория Н372
Текст Учебни предмети. Учебници Н
080 ## - УДК
Текстов определител УДК Родинознание
УДК код - определител по УДК 372.48
УДК определител (075.2)
УДК - код + определител 372.48(075.2)
100 1# - Редна дума - Автор
Автор Босева, Мария Йорданова
Авторска отговорност първи автор
R(LIN) 367227
139 ## - Редно поле
Редна дума Босева, Мария Йорданова
Авторски знак Бос - Б 68
245 10 - Сведения за заглавието
Заглавие Интерактивни дейности по човекът и обществото за ІV клас
Редно поле (дума) Мария Йорданова Босева; * Мария Йорданова Босева-Георгиева.
257 ## - Страна на издаване
Страна на създаване/издаване България
260 ## - Област на издателските данни
-- София
Име на издателя, разпространителя и проч. Просвета
Година на издаване 2012
Печатница София : Лито Балкан
300 ## - Физическа характеристика
Страници 24 с.
Илюстрации и др. с ил.
Размери/Мащаб 26 см
380 ## - Жанр
Жанр Обществени науки
500 ## - Общи забележки
Забележка Пълното име на авт. е Мария Йорданова Босева-Георгиева.
650 #4 - Допълнително описание по предмет – тема
Основно описание – тема или топоним Родинознание - методика на преподаването - за основни училища
9 (RLIN) 250284
650 #4 - Допълнително описание по предмет – тема
Основно описание – тема или топоним Обучение - методи
9 (RLIN) 245693
653 ## - Ключова дума – ненормативна
Ключова дума родинознание
653 ## - Ключова дума – ненормативна
Ключова дума интерактивно обучение
653 ## - Ключова дума – ненормативна
Ключова дума ІV кл.
653 ## - Ключова дума – ненормативна
Ключова дума учебници за основни училища
700 1# - Други автори (авторска отговорност)
Лично име Босева-Георгиева, Мария Йорданова
Автороска отговорност (Описва отношението между автора и произведението) *
9 (RLIN) 41963
852 ## - Местоположение
Форматна сигнатура Цб ІІ 20675
856 4# - Електронен адрес и достъп
Електронен формат pdf - файл
Път до файла /url/
856 4# - Електронен адрес и достъп
Електронен формат pdf - файл
Път до файла /url/
942 ## - АРТИКУЛИ
Вид на библиотечния материал Книги
Скрит в OPAC Не
Koha issues (borrowed), all copies 1
944 ## - СЪЗДАВАНЕ И РЕДАКЦИЯ на ЗАПИСА
Създаване/Редакция Създаване
Дата на регистрацията/редакция 10.07.2015
Статус, дата на статуса ф /
Служител, извършил регистрацията/редакцията Виолета_Тройчева
944 ## - СЪЗДАВАНЕ И РЕДАКЦИЯ на ЗАПИСА
Създаване/Редакция Редакция
Дата на регистрацията/редакция 26.10.2015
Статус, дата на статуса ф /
Служител, извършил регистрацията/редакцията Людмила_Стоянова
999 ## - СИСТЕМНИ КОНТРОЛНИ НОМЕРА
Koha biblionumber 169968
Koha biblioitemnumber 169968
Наличности
Код за отписване Код за изгубен артикул Източник на класификационната схема Код за повреда Коз за рестрикции Код за отдаване Артикулен № Име на библиотеката - собственик Име на библиотеката, в която се намира в момента Статус (Текущо местоположение) Дата на вписване в системата Местоположение - отдел Цена в лева Инвентарен номер Систематично азбучна сигнатура Баркод Номер на екземпляра Цена в евро Служебна бележка Служебен тип на артикула
  Не е изгубен Universal Decimal Classification Не е повреден без рестрикции заемане за дома 287526 Регионална библиотека "Любен Каравелов" Русе Регионална библиотека "Любен Каравелов" Русе Детски отдел 2015-07-10 Детски отдел 5.00 120000789857 ДН 373.3.016:9/Б 68 М 120000789857 1 2.56 Дост: DA Вид: А N: 11 Дата: 10.07.2015 Дата инв: 02.11.2015 Бележки инв: Д2015 Книги
Vip Innovations Ltd, Rousse, Bulgaria 2025